| 000 | 00745 a2200241 4500 | ||
|---|---|---|---|
| 005 | 20260407122350.0 | ||
| 008 | 260407b |||||||| |||| 00| 0 eng d | ||
| 020 | _a978-93-9358-308-6 | ||
| 037 | _cTB | ||
| 040 |
_aAL _cAL |
||
| 041 |
_2eng _aeng |
||
| 084 |
_aV2:19491.P1 R5 _qAL |
||
| 100 |
_aShakir, Muhammad _91113155 |
||
| 245 | _aIndia-Afghanistan relations: geopolitics and economic | ||
| 260 |
_aDelhi, India: _bQuality Book House, _c2025. |
||
| 300 | _a265p. | ||
| 365 |
_a1895 _bINR |
||
| 650 | _aIndia- History | ||
| 650 |
_aAfghanistan-History _91234227 |
||
| 650 | _aForeign Relation | ||
| 942 |
_cTB _2CC _hV2:19491.P1 R5 |
||
| 999 |
_c1678489 _d1678489 |
||